000 00460nam a2200193Ia 4500
005 20250423100611.0
008 250422s9999 xx 000 0 und d
020 _a1-59357-207-7
050 _aHF 5381 .R796/
100 _aJerry Ryan
245 0 _aPreparing for Career Success
250 _aThird Edition
260 _aOtis Avenue
260 _bJist Works Pubishing, Inc.
260 _c2005
300 _a548 p
650 _aManagement
942 _cBK
999 _c33797
_d33797